=LDR 00000nam 2200000 4500 =001 INLIS000000000046393 =005 20200310070455 =035 ##$$a 0010-031500000000165 =008 200310################g##########0#ind## =020 ##$$a 978-979-1193-96-2 =040 ##$$a NBPDMAT =082 ##$$a 297.77 =090 ##$$a 297.77 $b fak m =100 ##$$a Fakhri Maskhoor =245 1#$$a Menjelajah semesta iman : $b Dialog ketuhanan ayah anak /$c Fakhri Mashkoor; Penerjemah: Akmal Kamil =260 ##$$a jakarta :$b Al huda,$c 2011 =300 ##$$a 222 hlm. : $b ilus ; $c 23 x 17 cm =084 ##$$a 297.77 FAK m =650 #4$$a Pendidikan islam - pola asuh =990 ##$$a 31500122 =990 ##$$a 31500123